Statistics for Ei Vocabulary Words Quiz

Click here to take the quiz!

General Stats

  • This quiz has been taken 18,656 times
    (11,663 since last reset)
  • The average score is 12 of 20

Answer Stats

Definition Word % Correct
Stimulant found in coffeeCaffeine
97%
Noise made by a horseNeigh
92%
One who denies the existence of GodAtheist
89%
Tan colorBeige
86%
Epileptic fitSeizure
80%
Pre-planned robberyHeist
73%
Female Japanese hostessGeisha
73%
Fake currencyCounterfeit
64%
InheritorHeir
63%
Martial arts teacherSensei
63%
Thin material for concealing the faceVeil
57%
Vehicle that travels over snow with runnersSleigh
53%
Make into a godDeify
47%
In Australia, the female equivalent of blokeSheila
47%
Fake attack in boxing or warfareFeint
46%
Spirit of the age, from GermanZeitgeist
37%
Leader of an Arab tribeSheikh
29%
Stuck upConceited
22%
Wedge-shaped characters used in
Mesopotamian writing
Cuneiform
22%
Small, shell-shaped cake
remembered by Proust
Madeleine
19%

Score Distribution

Percentile by Number Answered

Percent of People with Each Score

Your Score History

You have not taken this quiz since the last reset